Proceedings Regional Workshop on Impact of Man's Activities on Tropical Upland Forest Ecosystems

Bibliographic Details
Corporate Author: REGIONALl Workshop on Impact of Man's Activites on Tropical Upland Forest Ecosystems
Other Authors: Yusuf Hadi
Format: Book
Published: Serdang, Selangor : Faculty of Forestry, Universiti Pertanian Malaysia , 1987
Subjects:

MARC

LEADER 00000cam a2200000 7i4500
001 0000000436
005 20011204.0
090 0 0 |a 634.90959   |b REG 1987 
110 1 0 |a REGIONALl Workshop on Impact of Man's Activites on Tropical Upland Forest Ecosystems   |k 1986   |j Universiti Pertanian Malaysia, Serdang 
245 1 0 |a Proceedings Regional Workshop on Impact of Man's Activities on Tropical Upland Forest Ecosystems   |c edited by Yusuf Hadi ... (et al.) 
260 0 0 |a Serdang, Selangor :   |b Faculty of Forestry, Universiti Pertanian Malaysia ,   |c 1987 
300 |a 694 p. :   |b ill. ;   |c 26 cm. 
500 0 0 |a Sponsored by: UNESCO-MAB, IDRC, COSTED, CIDA, ASPA, KPKT   |a Includes bibliographical references 
650 0 0 |a Forest conservation   |z Tropics 
650 0 0 |a Forest ecology   |z Tropics 
650 0 0 |a Forest management   |x Tropics 
700 0 1 |a Yusuf Hadi 
998 |a JPSM 
999 |a 0000000489   |b Monograph   |c Open Shelf   |e Default branch